000 00643nam a2200229 a 4500
001 17357
003 BD-RjUL
005 20211209000127.0
008 140216s1934 enkaf 001 0 eng d
035 _a(BD-RjUL)17415
040 _aANL
_beng
_cANL
_dBD-RjUL
041 _aeng
082 0 4 _a701.17
_219
_bDEA 1934
100 1 _aDewey, John,
_d1859-1952.
_92752
245 1 0 _aArt as experience /
_cby John Dewey.
260 _aNew York :
_bMinton,
_cc1934.
300 _avii, 355 p. [6] leaves of plates :
_bill. ;
_c24 cm.
500 _aIncludes index.
650 0 _aAesthetics.
_953493
650 0 _aArt
_xPhilosophy.
_953278
942 _2ddc
_cBK
999 _c17357
_d17357